The foods of Jose RIzal (Record no. 18915)
[ view plain ]
| 000 -LEADER | |
|---|---|
| fixed length control field | 00562nam a22002057a 4500 |
| 003 - CONTROL NUMBER IDENTIFIER | |
| control field | OSt |
| 005 - DATE AND TIME OF LATEST TRANSACTION | |
| control field | 20140310183120.0 |
| 008 - FIXED-LENGTH DATA ELEMENTS--GENERAL INFORMATION | |
| fixed length control field | 130507t xxu||||| |||| 00| 0 eng d |
| 020 ## - INTERNATIONAL STANDARD BOOK NUMBER | |
| International Standard Book Number | 9789712726569 |
| 050 ## - LIBRARY OF CONGRESS CALL NUMBER | |
| Classification number | DS675.8R6 |
| Item number | .St775 2011 |
| 082 ## - DEWEY DECIMAL CLASSIFICATION NUMBER | |
| -- | F959.9025092 |
| Item number | .St21 2011 |
| 245 ## - TITLE STATEMENT | |
| Title | The foods of Jose RIzal |
| Statement of responsibility, etc | Sta. Maria, Felice Prudente |
| 260 ## - PUBLICATION, DISTRIBUTION, ETC. (IMPRINT) | |
| Place of publication, distribution, etc | Mandaluyong City : |
| Name of publisher, distributor, etc | Anvil Publishing Inc. , |
| Date of publication, distribution, etc | 2011 |
| 300 ## - PHYSICAL DESCRIPTION | |
| Extent | 174 p. |
| Dimensions | 23 cm. |
| 521 ## - TARGET AUDIENCE NOTE | |
| Target audience note | |
| 526 ## - STUDY PROGRAM INFORMATION NOTE | |
| Program name | 1210L-1700L |
| 541 ## - IMMEDIATE SOURCE OF ACQUISITION NOTE | |
| -- | 1 |
| 562 ## - COPY AND VERSION IDENTIFICATION NOTE | |
| Number of copies | 1 |
| 942 ## - ADDED ENTRY ELEMENTS (KOHA) | |
| Source of classification or shelving scheme | Library of Congress Classification |
| Koha item type | Books |
| Withdrawn status | Lost status | Source of classification or shelving scheme | Damaged status | Home library | Current library | Shelving location | Date acquired | Source of acquisition | Total Checkouts | Full call number | Barcode | Date last seen | Copy number | Price effective from | Koha item type |
|---|---|---|---|---|---|---|---|---|---|---|---|---|---|---|---|
| Library of Congress Classification | Archives | Archives | 05/07/2013 | Donation | DS 675.8R6 .St775 2011 | C15557 | 05/08/2018 | 1 | 05/07/2013 | Books |